| 000 | 00408nam a2200145Ia 4500 | ||
|---|---|---|---|
| 008 | 240729s9999 xx 000 0 und d | ||
| 022 | _a2248-0854 | ||
| 245 | 0 | _aActa Universitatis Sapientiae: Social Analysis | |
| 260 | _aRomania | ||
| 260 | _bScientia Publishing House | ||
| 650 | _aSocial Sciences | ||
| 856 | _uhttps://doaj.org/toc/2889fe6a54ba46378100ca12a38b4cd0 | ||
| 942 | _2ddc | ||
| 942 | _cDOAJEJ | ||
| 999 |
_c74886 _d74886 |
||
| 945 |
_a1 _bMadushi Gamage _c1 _dMadushi Gamage |
||